Banijyik ganit aru parisankhya bigyan (Record no. 5932)

MARC details
000 -LEADER
fixed length control field 00494cam a2200181ua 4500
001 - CONTROL NUMBER
control field 6789
005 - DATE AND TIME OF LATEST TRANSACTION
control field 20260515114114.0
008 - FIXED-LENGTH DATA ELEMENTS--GENERAL INFORMATION
fixed length control field 140213n ii |||gr||||Z||||||asm
040 ## - CATALOGING SOURCE
Transcribing agency MAIN
082 ## - DEWEY DECIMAL CLASSIFICATION NUMBER
Classification number 519.5
245 11 - TITLE STATEMENT
Title Banijyik ganit aru parisankhya bigyan
Statement of responsibility, etc. By Surendranath Ghosh
260 ## - PUBLICATION, DISTRIBUTION, ETC.
Place of publication, distribution, etc. Guwahati:
Name of publisher, distributor, etc. Students stores,
Date of publication, distribution, etc. 1992.
300 ## - PHYSICAL DESCRIPTION
Extent viii,432p.
653 ## - INDEX TERM--UNCONTROLLED
Uncontrolled term Commerce
653 ## - INDEX TERM--UNCONTROLLED
Uncontrolled term Banijyik ganit aru parisankhya bigyan
700 1# - ADDED ENTRY--PERSONAL NAME
Personal name Ghosh,Surendranath,
Relator term Author.,
942 ## - ADDED ENTRY ELEMENTS (KOHA)
Koha item type Books
Holdings
Withdrawn status Lost status Damaged status Not for loan Home library Current library Shelving location Date acquired Total checkouts Full call number Barcode Date last seen Copy number Price effective from Koha item type
        Naharkatiya College Library Naharkatiya College Library General stacks 09/19/2020   519.5 | GHO 13515 09/19/2020 1 09/19/2020 Books